| 000 | 00607nam a2200181Ia 4500 | ||
|---|---|---|---|
| 008 | 100920s9999 xx 000 0 und d | ||
| 082 |
_b69642 _a28 व 891,464 थ 96 |
||
| 100 | _aसंपादक-खांडेकर वि.स. | ||
| 245 | _aनवे किरण. | ||
| 260 |
_bमेहता पब्लिशिंग हाऊस,पुणे-30. _c1997 |
||
| 300 |
_a61 _bसाधी |
||
| 365 | _b40 | ||
| 520 | _aबा.वि.निबंध. | ||
| 630 | _aनवे किरण. | ||
| 650 | _aबा.वि.निबंध. | ||
| 730 | _aनवे किरण. | ||
| 942 | _cBOOK | ||
| 999 |
_c711768 _d711765 |
||